000 00281 a2200145 4500
001 164573
020 _a
040 _cMagnum
100 _aBari, Ines
240 1 0 _aO sonho encantado
_lpor
245 1 0 _aO sonho encantado
362 0 _a1899
697 _aI/GERAL
942 _cBK
999 _c164573
_d164573